| 000 | 00365nam a2200157Ia 4500 | ||
|---|---|---|---|
| 003 | SGT | ||
| 082 |
_a5.43 _bSIL |
||
| 100 | _aABRAHAM SILBERSCHATZ | ||
| 245 | _aoperating systems concepts | ||
| 250 | _a8th . . Ed. | ||
| 260 |
_bWiley India Pvt. Ltd. _aN.Delhi _c2012 |
||
| 300 | _a972p. | ||
| 700 | _aGagne,Gagne | ||
| 700 | _aGalvin,Peter B | ||
| 942 |
_2ddc _cBK _059 |
||
| 999 |
_c5762 _d5762 |
||